000 00930nam a2200301I 4500
001 13493
003 BD-RJUL
005 20211208235449.0
008 140201s1965 maua b 001 0 eng
035 _aMITb10164690
035 _a(BD-RJUL13544)
035 _aGLIS00164690
040 _cWSU
_dMYG
_aBD-RjUL
_beng
041 _aeng
082 _a621.3815
_bGLL 1965
090 _aTK7870
_b.G548
099 _aTK7870.G548
100 1 _aGlasford, Glenn M.,
_d1918-
_942088
245 1 0 _aLinear analysis of electronic circuits /
_cGlenn M. Glasford
260 _aReading, Mass :
_bAddison-Wesley Pub. Co,
_c1965
300 _a580 p. :
_bIllas ;
_c28 cm.
490 1 _aAddison-Wesley series in electrical engineering
504 _aIncludes index and bibliographies.
650 0 _aElectronic circuits.
_938587
830 0 _aAddison-Wesley series in electrical engineering.
_942099
942 _2ddc
_cBK
999 _c13493
_d13493